000 00721nmm a2200277 a 4500
003 AR-Y00000XR
005 20251128211933.0
008 297020s2000 ||||||||||||||000 | spa||
020 _a85-219-0227-1
040 _cAR-Y00000XR
100 1 _aHobsbawm, Eric J.
245 1 0 _aA era do capital
_b1848-1875
250 _a5ยช ed. rev.
260 _aRio de Janeiro
_bPaz e Terra
_c2000
300 0 _a459 p.
650 4 _aHISTORIA ECONOMICA
650 4 _aSIGLO DIECISEIS
650 4 _aSIGLO DIECISIETE
650 4 _aCAPITALISMO
650 4 _aBURGUESIA
653 0 _aREVOLUCION FRANCESA
653 0 _aREVOLUCION INDUSTRIAL
700 1 _aCosta Neto, Luciano
_etraductor
942 _cBK
998 _cme-solo cat
999 _c21691
_d21691